000 00946cam a22001934a 4500
005 20250605164040.0
008 250528s ||||||||||||||||||||||||d
035 _a16971
020 _a860916162
040 _aGR-AtMCL
_bgre
_dGR-AtMCL
_eAACR2
245 1 _aPower Plays, Power Works
260 _bVerso,
_c1992
300 _a326
520 _aThe cultural wars which are raging across the United States today. Power and Cultural Theory, Power Plays, U.S. Cultures and European Theories, Controlling Bodies, Bodies of Language, Sporting Spectacles: The Body Visible, Elvis: A Body of Controversy, The Body of Violence, Representing and Knowing, Act Globally and Think Locally, Gunfight at the P.C. Corral, Local Knowledge, Things and Practices, White Power and Black Power, Blackened White, Power Works, Counter Power Works, Coda: The Slave Ship, Index.
700 1 _aFiske John
_9624
942 _cBK
999 _c2414
_d2414